000 00280nam a22001097a 4500
040 _cSCME
100 _aE.Totten. George ,Liang Hong
_9113237
245 _aSurface modification and mechanisms
260 _aMarcel dekker ,INC
_bNewYork
_c2004
300 _a744p.
942 _2ddc
_cBK
999 _c594988
_d594988